| 000 | 00606nam a2200133Ia 4500 | ||
|---|---|---|---|
| 008 | 160809s9999 xx 000 0 und d | ||
| 100 | _aRasid, Nadia Natasha Binte Mohamed. | ||
| 245 | _aCULTURALLY RESPONSIVE CONTEXTS: ESTABLISHING RELATIONSHIPS FOR INCLUSION | ||
| 245 | _cNadia natasha binte mohamed rasid Nanyang Technological University Karen P. Nonis Curtin University. | ||
| 260 | _bInternational Journal of Special Education | ||
| 260 | _c2015 | ||
| 650 | _xSPECIAL EDUCATION | ||
| 856 | _uhttp://www.internationaljournalofspecialed.com/docs/IJSE%20Entire%20Issue%202015%20Vol%2030%20Issue%203.pdf | ||
| 999 |
_c300231 _d300231 |
||